Statistics for Intimidating Pokemon

Click here to take the quiz!

General Stats

  • This quiz has been taken 678 times
    (637 since last reset)
  • The average score is 15 of 28

Answer Stats

Primary Type Secondary Type Pokemon % Correct
FireArcanine
80%
WaterFlyingGyarados
78%
FireGrowlithe
76%
PoisonArbok
76%
PoisonEkans
75%
DragonFlyingSalamence
68%
NormalFlyingStaraptor
64%
DarkMightyena
61%
NormalFlyingStaravia
61%
ElectricLuxray
57%
ElectricShinx
56%
GroundDarkKrookodile
56%
GroundDarkSandile
55%
ElectricLuxio
55%
WaterPoisonQwilfish
53%
DarkFightingScrafty
53%
GroundDarkKrokorok
53%
DarkFightingScraggy
52%
NormalTauros
50%
GroundFlyingLandorus (Therian)
47%
BugFlyingMasquerain
45%
FightingHitmontop
45%
SteelMawile
44%
NormalGranbull
34%
NormalStantler
33%
NormalSnubbull
33%
NormalHerdier
31%
NormalStoutland
31%

Score Distribution

Percentile by Number Answered

Percent of People with Each Score

Your Score History

You have not taken this quiz since the last reset